[Event "COL-chT"]
[Site "Bucaramanga"]
[Date "2022.09.08"]
[Round "4.3"]
[White "Olarte Parra, Jhoan Sebastian"]
[Black "Garcia Rios, Daniel Felipe"]
[Result "1-0"]
[WhiteElo "1968"]
[BlackElo "1642"]
[PlyCount "103"]
[EventDate "2022.09.06"]
[EventType "team-swiss"]
[EventRounds "7"]
[EventCountry "COL"]
[SourceTitle "CBM 210 Extra"]
[Source "ChessBase"]
[SourceDate "2022.11.30"]
[SourceVersion "1"]
[SourceVersionDate "2022.11.30"]
[SourceQuality "1"]
[WhiteTeam "Cundinamarca"]
[BlackTeam "Santander Almo"]
[WhiteTeamCountry "COL"]
[BlackTeamCountry "COL"]

1. d4 d5 2. c4 c6 3. Nf3 Nf6 4. Nbd2 Bf5 5. Nh4 Bg4 6. h3 Bh5 7. g4 Bg6 8. Nxg6 hxg6 9. Bg2 e6 10. Qb3 Qb6 11. Qxb6 axb6 12. cxd5 exd5 13. g5 Nfd7 14. e4 dxe4 15. Nxe4 Ra4 16. Be3 Na6 17. Ke2 Nb4 18. Nc3 Ra5 19. Rhc1 c5 20. Bxb7 cxd4 21. Bxd4 Nc5 22. Be4 Rh4 23. Bxc5 Rxc5 24. Bg2 Rxg5 25. Kf1 Bc5 26. Re1+ Kf8 27. Rad1 Rd4 28. Ne4 Re5 29. Nxc5 Rxe1+ 30. Kxe1 Rxd1+ 31. Kxd1 bxc5 32. a4 Ke7 33. Kd2 Kd6 34. Kc3 Kc7 35. a5 f5 36. f4 Kb8 37. Kc4 Ka7 38. Bf1 Ka6 39. Kxc5+ Kxa5 40. Bc4 Nc2 41. Bf7 g5 42. fxg5 f4 43. Bd5 Ne3 44. Be4 Ka6 45. h4 Ng4 46. Kd4 Kb6 47. Bf3 Nf2 48. b3 Kb5 49. Ke5 Nd3+ 50. Ke4 Nc5+ 51. Kxf4 Kb4 52. Bd5 1-0

[Event "COL-chT"]
[Site "Bucaramanga"]
[Date "2022.09.07"]
[Round "3.3"]
[White "Garcia Rios, Daniel Felipe"]
[Black "Ortega Rueda, Nicolas"]
[Result "1-0"]
[WhiteElo "1642"]
[BlackElo "1269"]
[PlyCount "49"]
[EventDate "2022.09.06"]
[EventType "team-swiss"]
[EventRounds "7"]
[EventCountry "COL"]
[SourceTitle "CBM 210 Extra"]
[Source "ChessBase"]
[SourceDate "2022.11.30"]
[SourceVersion "1"]
[SourceVersionDate "2022.11.30"]
[SourceQuality "1"]
[WhiteTeam "Santander Almo"]
[BlackTeam "Santander Indersantander"]
[WhiteTeamCountry "COL"]
[BlackTeamCountry "COL"]

1. d4 d5 2. Nf3 e6 3. Bf4 Be7 4. e3 Nf6 5. Nbd2 0-0 6. Bd3 Nc6 7. a3 Bd6 8. Bg3 Bxg3 9. hxg3 Re8 10. c4 e5 11. dxe5 Nxe5 12. Nxe5 Rxe5 13. Nf3 Bg4 14. Qc2 Rh5 15. 0-0-0 g6 16. Rxh5 Bxh5 17. cxd5 Qxd5 18. Bc4 Qc5 19. Bxf7+ Kxf7 20. Qxc5 Bg4 21. Ne5+ Kg7 22. Nxg4 Nxg4 23. Qxc7+ Kh6 24. Rh1+ Kg5 25. Qf4# 1-0